| 000 | 00644cam a2200205 a 4500 | ||
|---|---|---|---|
| 001 | 000005931 | ||
| 005 | 20200929151839.0 | ||
| 008 | 950330s1993 sp 001 0 spa | ||
| 020 | _a848048019X | ||
| 040 |
_aDO-SdBNP _bspa _cBNPHU |
||
| 082 |
_a862.64 _bB662c |
||
| 100 | 1 |
_aBoadella, Albert, _q(Albert Boadella Oncins) _d1943- _916720 |
|
| 245 | 1 | 0 |
_aColumbi lapsus / _cAlbert Boadella. |
| 260 |
_aMadrid : _bSociedad General de Autores de España, _c1993. |
||
| 300 |
_a85 p. ; _c23 cm. |
||
| 490 | 1 |
_aTeatro _v21 |
|
| 650 | 4 |
_aTeatro español _ySIGLO XX _916710 |
|
| 650 | 4 |
_aLiteratura española _ySIGLO XX _93326 |
|
| 830 | 0 |
_aTeatro _n21 _916721 |
|
| 999 |
_c5727 _d5727 |
||